| 000 | 00642nam a2200193 a 4500 | ||
|---|---|---|---|
| 001 | 977 | ||
| 003 | CDMR | ||
| 005 | 20131212155322.0 | ||
| 008 | 130130s1973||||||||||||||||||||||||||||d | ||
| 040 |
_aCDMR _bcat _cCDMR |
||
| 100 | 1 |
_aGutiérrez, Francisco _9763 |
|
| 245 | 1 | 3 |
_aEl lenguaje total _b: pedagogía de los medios de comunicación _cFrancisco Gutiérrez Pérez ; prólogo de Gustavo F. J. Cirigliano |
| 260 |
_aBuenos Aires _c1973 _bHumánitas |
||
| 300 | _a205 p. | ||
| 490 | 0 |
_aEducación Hoy Mañana _v2 |
|
| 650 | 0 | 4 |
_93081 _aMitjans de comunicació de massa i educació |
| 650 | 0 | 4 |
_94507 _aComunicació en l'educació |
| 942 |
_cMON _2udc |
||
| 999 |
_c977 _d977 |
||